Managing Macrofinancial Risk /

We augment a linearized dynamic stochastic general equilibrium (DSGE) model with a tractable endogenous risk mechanism, to support the joint analysis of monetary and macroprudential policy. This state dependent conditional heteroskedasticity mechanism specifies the conditional variances of structura...

詳細記述

書誌詳細
第一著者: Adrian, Tobias
その他の著者: Vitek, Francis
フォーマット: 雑誌
言語:English
出版事項: Washington, D.C. : International Monetary Fund, 2020.
シリーズ:IMF Working Papers; Working Paper ; No. 2020/151
オンライン・アクセス:Full text available on IMF
LEADER 02048cas a2200253 a 4500
001 AALejournalIMF021120
008 230101c9999 xx r poo 0 0eng d
020 |c 5.00 USD 
020 |z 9781513550893 
022 |a 1018-5941 
040 |a BD-DhAAL  |c BD-DhAAL 
100 1 |a Adrian, Tobias. 
245 1 0 |a Managing Macrofinancial Risk /  |c Tobias Adrian, Francis Vitek. 
264 1 |a Washington, D.C. :  |b International Monetary Fund,  |c 2020. 
300 |a 1 online resource (60 pages) 
490 1 |a IMF Working Papers 
500 |a <strong>Off-Campus Access:</strong> No User ID or Password Required 
500 |a <strong>On-Campus Access:</strong> No User ID or Password Required 
506 |a Electronic access restricted to authorized BRAC University faculty, staff and students 
520 3 |a We augment a linearized dynamic stochastic general equilibrium (DSGE) model with a tractable endogenous risk mechanism, to support the joint analysis of monetary and macroprudential policy. This state dependent conditional heteroskedasticity mechanism specifies the conditional variances of structural shocks as functions of the business or financial cycle. The resultant heteroskedastic linearized DSGE model preserves the satisfactory simulation and forecasting performance of its nested homoskedastic counterpart for the conditional means of endogenous variables, while substantially improving its goodness of fit to their conditional distributions. In particular, the model matches the key stylized facts of growth at risk. Accounting for state dependent conditional heteroskedasticity makes it optimal for monetary policy to respond more aggressively to the business cycle, and for macroprudential policy to manage the resilience of the banking sector more actively over the financial cycle. 
538 |a Mode of access: Internet 
700 1 |a Vitek, Francis. 
830 0 |a IMF Working Papers; Working Paper ;  |v No. 2020/151 
856 4 0 |z Full text available on IMF  |u http://elibrary.imf.org/view/journals/001/2020/151/001.2020.issue-151-en.xml  |z IMF e-Library